Islam and higher education (Record no. 1111637)

MARC details
000 -LEADER
fixed length control field 01032nam a2200301Ia 4500
003 - CONTROL NUMBER IDENTIFIER
control field OSt
005 - DATE AND TIME OF LATEST TRANSACTION
control field 20221006155815.0
008 - FIXED-LENGTH DATA ELEMENTS--GENERAL INFORMATION
fixed length control field 221006b |||||||| |||| 00| 0 eng d
020 ## - INTERNATIONAL STANDARD BOOK NUMBER
International Standard Book Number 9780415687508
037 ## - SOURCE OF ACQUISITION
Terms of availability Textual
040 ## - CATALOGING SOURCE
Original cataloging agency EASL
Transcribing agency EASL
Language of cataloging eng
041 ## - LANGUAGE CODE
Source of code eng
Language code of text/sound track or separate title eng
100 ## - MAIN ENTRY--PERSONAL NAME
Personal name Muborakshoeva Marodsilton
9 (RLIN) 670480
245 #0 - TITLE STATEMENT
Title Islam and higher education
Remainder of title Concepts, challenges and opportunities
260 ## - PUBLICATION, DISTRIBUTION, ETC.
Place of publication, distribution, etc. London
Name of publisher, distributor, etc. Routedge
Date of publication, distribution, etc. 2013
300 ## - PHYSICAL DESCRIPTION
Extent 195p.
Dimensions cm.
490 ## - SERIES STATEMENT
Volume/sequential designation Gen
Series statement Routledge contemporary South Asia Series
650 ## - SUBJECT ADDED ENTRY--TOPICAL TERM
Topical term or geographic name entry element Education Higher - Pakistan
9 (RLIN) 670481
650 ## - SUBJECT ADDED ENTRY--TOPICAL TERM
Topical term or geographic name entry element Gen
650 ## - SUBJECT ADDED ENTRY--TOPICAL TERM
Topical term or geographic name entry element Islamic Universities and colleges
9 (RLIN) 670482
650 ## - SUBJECT ADDED ENTRY--TOPICAL TERM
Topical term or geographic name entry element Education Higher - Islamic countries
9 (RLIN) 670483
942 ## - ADDED ENTRY ELEMENTS (KOHA)
Classification part T40aQ7, Q3
Koha item type Textual
Source of classification or shelving scheme Colon Classification (CC)
Holdings
Withdrawn status Lost status Source of classification or shelving scheme Damaged status Not for loan Home library Current library Date acquired Source of acquisition Serial Enumeration / chronology Total Checkouts Full call number Barcode Date last seen Price effective from Koha item type
    Colon Classification (CC)     Department of East Asian Studies Library Department of East Asian Studies Library 2022-10-06 3842, 20/03/2013, Unilib Book Distributor Gen   T40aQ7 Q3 EA1396361 2022-10-06 2022-10-06 Textual
Copyright @ Delhi University Library System